000 01113nam0a22002651 4500
001 rc\1165791
005 20260407132127.0
035 _a(NLR Aleph) 006409541
090 _a5331193
_c5331193
100 _a20041129d1980 u y0rusy50 ca
101 0 _arus
102 _aRU
105 _aa |||||||||
200 1 _aТворчество Мариэтты Шагинян
_eСб. статей
_fИн-т рус. лит. (Пушкин. дом) АН СССР
_g[Под ред. В.А. Ковалева]
210 _aЛ.
_cХудож. лит. Ленингр. отд-ние
_d1980
215 _a246 с., 1 л. портр.
_d20
600 1 _aШагинян
_bМ.С.
_gМариэтта Сергеевна
_2psbo
702 1 _4340
_7ca
_8rus
_aКовалев
_bВ. А.
_cд-р филол. наук
_f1911-1999
_gВалентин Архипович
_92703955
_3RU\NLR\AUTH\770292018
712 0 2 _aИнститут русской литературы
_cЛенинград
_9471002
_3RU\NLR\AUTH\889987691
801 0 _aRU
_bNLR
_gpsbo
801 1 _aRU
_bELAR
_2rusmarc
852 _aNLR
_j81-3/1405
942 _cBOOK
980 _aNB